Animal physiology and biochemistry / (رقم التسجيلة. 31047)

تفاصيل مارك
000 -الفاتح
حقل البيانات ثابتة الطول 00582nam a2200181 a 4500
001 - رقم الضبط
رقم الضبط ASIN8171336582
008 - عناصر البيانات ثابتة الطول - معلومات عامة
حقل البيانات ثابتة الطول 130928s2005 xxu eng d
020 ## - الرقم الدولى المعيارى للكتب
الرقم الدولى المعيارى للكتاب 8171336582 (paperback)
020 ## - الرقم الدولى المعيارى للكتب
الرقم الدولى المعيارى للكتاب 9788171336586 (paperback)
082 04 - رقم تصنيف ديوى العشرى
رقم التصنيف 570.711
100 1# - المدخل الرئيسى - إسم شخصى
الإسم الشخصى Sastry, K.V.
245 10 - بيان العنوان
العنوان Animal physiology and biochemistry /
بيان المسئوليه,etc K.V. Sastry.
260 ## - PUBLICATION, DISTRIBUTION, ETC. (IMPRINT)
مكان الناشر او الموزع [S.l.] :
اسم الناشر او الموزع Rastogi Publications,
تاريخ النشر أو التوزيع 2005.
300 ## - الوصف المادى
التعداد 870 p.
650 #0 - المدخل الاضافى بالموضوع-مصطلح موضوعى
مصطلح موضوعي أو اسم جغرافي كعنصر مدخل Biochemistry
التقسيم الفرعي العام Study and teaching (Higher)
650 #0 - المدخل الاضافى بالموضوع-مصطلح موضوعى
مصطلح موضوعي أو اسم جغرافي كعنصر مدخل Physiology
التقسيم الفرعي العام Study and teaching (Higher)
650 #0 - المدخل الاضافى بالموضوع-مصطلح موضوعى
مصطلح موضوعي أو اسم جغرافي كعنصر مدخل Zoology
التقسيم الفرعي العام Study and teaching (Higher)

لا توجد مواد متاحة.